Rashford or Anthony Martial - Statistics

General Stats
  • This quiz has been taken 49 times
  • The average score is 7 of 10
Answer Stats
Question Answer % Correct
Scored a sensational free kick against chelsea Rahsford
97%
Was formed at Carrington, the academy of Man United Rashford
93%
has more appearances for their national team rashford
93%
has scored more for united rashford
86%
known for always scoring against everton Martial
69%
won the prem under SAF in 2013 none
59%
Scored on his premier league debut Both
55%
is right footed both
55%
.......... WILL BE THE BEST IN THE WORLD Martial
48%
Had 17 goals for united in the prem 19/20 Both
21%
No matching quizzes found
Score Distribution
Percent of People with Each Score
Percentile by Number Answered
Your Score History
You have not taken this quiz